| 000 | 00000nam##2200000za#4500 |
| 001 | 9.649378 |
| 003 | CaOODSP |
| 005 | 20210615113653 |
| 007 | ta |
| 008 | 150407|2004||||xxc||||| f|0| 0 eng|d |
| 020 | |a0-662-37837-7 |
| 040 | |aCaOODSP|beng |
| 043 | |an-cn--- |
| 086 | 1 |aM144-52/2004E |
| 110 | 1 |aCanada.|bNatural Resources Canada. |bOffice of Energy Efficiency. |
| 245 | 10|aImproving window energy efficiency |
| 260 | |aOttawa - Ontario : |bNatural Resources Canada. |c2004. |
| 300 | |a11p. : |billus. ; |c28 cm. |
| 520 | 3 |aWindows can account for up to 25 percent of total house heat loss. This fact sheet describes affordable and effective options to improve the energy efficiency of the windows in your house. |
| 563 | |aSoftcover |
| 590 | |a05-09|b2005-03-04 |
| 690 | 07|aEnergy efficiency|2gcpds |
| 775 | 08|tAmélioration du rendement énergétique des fenêtres |w(CaOODSP)9.682576 |
| 776 | 0#|tImproving window energy efficiency |w(CaOODSP)9.687369 |